Normal view
MARC view
- B. S. , Furniss
Entry Personal Name
001 - CONTROL NUMBER
- control field: 567
003 - CONTROL NUMBER IDENTIFIER
- control field: NUST
005 - DATE AND TIME OF LATEST TRANSACTION
- control field: 20170511170118.0
008 - FIXED-LENGTH DATA ELEMENTS
- fixed length control field: 170511|| aca||aabn | a|a d
040 ## - CATALOGING SOURCE
- Original cataloging agency: NUST
- Transcribing agency: NUST
100 ## - HEADING--PERSONAL NAME
- Personal name: B. S. , Furniss
670 ## - SOURCE DATA FOUND
- Source citation: Work cat.: (NUST)31830: B. S. , Furniss, Vogel's Textbook of Practical Organic Chemistry, 2008.
